Statistics for State Quiz - Louisiana

Click here to take the quiz!

General Stats

  • This quiz has been taken 6,021 times
  • The average score is 15 of 22

Answer Stats

Hint Answer % Correct
Largest cityNew Orleans
98%
Hurricane that struck in 2005Katrina
93%
Louisiana is on this ocean gulfGulf of Mexico
91%
State capitalBaton Rouge
91%
Longest riverMississippi
88%
Company that spilled oil
in that gulf in 2010
BP
81%
French ethnic groupCajuns
77%
French for "Fat Tuesday"Mardi Gras
76%
Term for a marshy lake or
slow-moving river
Bayou
72%
President who made the
Louisiana Purchase
Thomas Jefferson
70%
Afro-American religionVoodoo
69%
State birdBrown Pelican
67%
Chain of fried chicken restaurants
that is "Louisiana fast"
Popeye's
67%
Louisiana's version of a countyParish
66%
Name of LSU's sports teamsTigers
55%
General who won the
Battle of New Orleans in 1815
Andrew Jackson
52%
What is andouille?a Sausage
51%
Third largest cityShreveport
46%
Avery Island hot sauce brandTabasco
46%
Proper way to spell "Go Saints"{Geaux} Saints
45%
TV show about vampires in the
fictional town of Bon Temps
True Blood
40%
What is a muffaletta?a Sandwich
39%

Score Distribution

Percentile by Number Answered

Percent of People with Each Score

Your Score History

You have not taken this quiz